00790nam a2200217 i 450000100060000000300090000600500170001500700030003200800410003508000200007608000120009610000340010824501090014226000420025130000380029349000630033160000620039470000320045683000630048885200210055134242ES-MaACL20250823063035.0t|030204s1935 sp ||||1| spa d a929 Vives, Luis a371(16)1 aVives, Juan Luis, d1492-154010aLuis Vives : bla pedagogía científica y la instrucción de la mujer / cRufino Blanco y Sánchez. aMadrid : b[s.n., c1935] (fHernado) a345 p., 1 h. de lám. ; c17 cm.1 aColección para padres y maestros. Pedagogía española14aVives, Juan Luis, d1492-1540- xPensamiento pedagógico1 aBlanco y Sánchez, Rufino.1 aColección para padres y maestros. Pedagogía española4 aES-MaACLjA-4411